=LDR 00000nam 2200000 4500 =001 INLIS000000000004246 =005 20220214095955 =035 ##$$a 0010-0222000857 =245 1#$$a Definisi Pengisian Bahan Baku Clinker Dan Fly Ash : $b Kuliah Kerja Praktek /$c M Redo Ardian =100 1#$$a ARDIAN, M Redo =250 ##$$a 2019 =300 ##$$a x, 90 halaman : $b Tabel, Gambar ; $c 21,5x29,8 cm =856 ##$$a OPAC (Rak KKP D1 TKI 2019) =260 ##$$a Makassar :$b Politeknik ATI Makassar - PT. Semen Baturaja (Persero) Tbk - D1 TKI,$c 2019 =082 ##$$a (R)2019 LKKP-D1 TKI 818 =084 ##$$a (R)2019 LKKP-D1 TKI 818 ARD d =650 #4$$a Laporan Praktek D1 TKI 2019 =500 ##$$a Laporan Praktek D1 TKI 2019 =990 ##$$a 20/LKKP TK SB 2019